[Event "FRA-ch Prelim Gr-B"]
[Site "Besancon"]
[Date "1999.08.20"]
[Round "5"]
[White "Bauer, Christian"]
[Black "Boudre, Jean Pierre"]
[Result "1-0"]
[WhiteElo "2480"]
[BlackElo "2397"]
[Annotator "Alterman,B"]
[PlyCount "97"]
[EventDate "1999.08.16"]
[EventType "tourn"]
[EventRounds "7"]
[EventCountry "FRA"]
[EventCategory "10"]
[SourceTitle "CBM 073"]
[Source "ChessBase"]
[SourceDate "1999.12.01"]
[SourceVersion "1"]
[SourceVersionDate "1999.12.01"]
[SourceQuality "1"]

1. c4 c6 2. e4 d5 3. exd5 cxd5 4. d4 Nf6 5. Nc3 e6 6. Nf3 Be7 7. cxd5 Nxd5 8.
Bd3 O-O 9. O-O Nc6 10. Re1 Re8 11. a3 Bd7 (11... g6 12. Bh6 (12. Bc4 Nxc3 13.
bxc3 Bf6 14. Bh6 Bd7 15. Qd2 Ne7 16. Ne5 Nf5 17. Bf4 Rc8 18. Ba2 {1-0 Jakobsen,
O-Nielsen,J/Odense 1980/MCD (30)}) 12... Nxc3 13. bxc3 Bf6 14. Be4 Bd7 15. Qd2
Rc8 16. Rad1 Bg7 17. h4 Qa5 18. Bxg7 Kxg7 19. Qb2 Qc7 20. c4 Kg8 21. h5 Na5 22.
c5 Qf4 23. hxg6 hxg6 24. Ne5 Bc6 25. Nxc6 bxc6 26. Qc3 Qc7 27. Re3 Rb8 28. Bc2
Nb7 29. Rh3 e5 30. Qe3 Kg7 31. Qh6+ Kf6 32. Rf3+ Ke7 33. Rxf7+ Kxf7 34. Qh7+ {
1-0 Kuporosov,V-Svitek,J/Ceske Budejovice 1994/EXT 97 (34)}) (11... a6 12. Bc2
Nf6 (12... b6 13. Nxd5 exd5 14. Bxh7+ Kxh7 15. Qc2+ Kg8 16. Qxc6 Be6 17. Bf4
Rc8 18. Qa4 a5 19. Ne5 Bg5 20. Bxg5 Qxg5 21. Nf3 Qf4 22. Re3 Qd6 23. Rae1 Re7
24. Qb3 Rec7 25. Qd3 Qf4 26. R3e2 Rc1 27. Qe3 {1-0 Waldmann,H-Lueders,G/OLNO
1992/EXT 97-B (60)}) 13. Qd3 g6 14. Bh6 b5 15. b4 Bb7 16. Bb3 Qd6 17. Rad1 Rad8
18. Qd2 Na7 19. Ne5 Bd5 20. Nxd5 Nxd5 21. Bf4 Qb6 22. Ng4 Nc6 23. Bg5 Bxg5 24.
Qxg5 Nce7 25. Re5 Rf8 26. Nf6+ {1-0 Fossan,P-Hole,O/NOR-ch 1993/TD (50)}) (
11... Bf6 12. Be4 (12. Bc2 g6 13. Bh6 Nxc3 14. bxc3 Bd7 15. Qd2 Na5 16. Qf4 Nc4
17. h4 Bc6 18. Ng5 Rc8 19. h5 Rc7 20. Qg4 e5 21. d5 Bd7 22. Qg3 Bxg5 23. Bxg5 {
1-0 Ostermeyer,P-Hoenig,A/Duesseldorf 1995/EXT 97 (37)}) 12... Nxc3 13. bxc3
Bd7 14. Bf4 Rc8 15. Qb1 g6 16. Qxb7 Na5 17. Qb2 Bc6 18. Bxc6 Rxc6 19. Ne5 Bxe5
20. dxe5 Qc7 21. Bg5 Rxc3 22. Bf6 Nb3 23. Rad1 Qc4 24. Qe2 Qxe2 25. Rxe2 Nc5
26. Re3 {1-0 Paunovic,D-Ibarretxe,L/San Sebastian 1991/TD (39)}) 12. Bd2 (12.
Bc2 Rc8 13. Ne4 h6 14. Ng3 Bf8 15. Qd3 g6 16. Bd2 Nce7 17. Ne5 Bb5 18. Qb3 Ba6
19. Be4 Bg7 20. Rad1 Nc6 21. Nxc6 Rxc6 22. Bxd5 exd5 23. Rxe8+ Qxe8 24. Qxd5 {
1/2-1/2 Hebert,J-Bolduc,S/Quebec 1986/EXT 97 (96)}) 12... Nxc3 13. bxc3 Bf6 14.
Qb1 g6 15. Bf4 $5 {I have no idea why Bauer didn't accept the pawn sacrifice,
because after} (15. Qxb7 {[%mdl 64]} Rb8 16. Qa6 Rb6 17. Qc4 Na5 18. Qa2 $16 {
I didn't find any compensation for a pawn.}) 15... b6 16. Qb2 Na5 (16... Rc8 $2
17. Ba6 $18) (16... Bg7 17. Rad1 $16) 17. Ne5 Bxe5 $5 (17... Bc6 18. Nxc6 (18.
Rad1) 18... Nxc6 $14) 18. Bxe5 Bc6 19. c4 f6 20. Bg3 {[%cal Gd4d5,Rb2h8]} Rc8
21. Bf1 $2 {[%mdl 16384] White need to develop his initiative,by opening
position for his bishops and rooks.After} (21. d5 $1 exd5 22. Rxe8+ Bxe8 23.
cxd5 Qxd5 24. Qxf6 Bc6 25. Bf1 $16 {White has clear advantage thanks to strong
bishops.}) 21... Bb7 $6 {[%mdl 16384]} (21... Ba4 $5 22. c5 (22. d5 Nxc4 23.
Bxc4 Rxc4 24. dxe6 Qd4) 22... Nb3 23. Bb5 Bxb5 24. Qxb3 Qd7 25. cxb6 axb6 26.
Rab1 Bc4 27. Qxb6 Bd5 $44) 22. Rac1 Ba6 23. c5 Bxf1 24. Rxf1 Qd5 $2 {[%mdl
8192] Black sacriface the pawn ,but weak position of black King doesn't
promise full compensation} (24... Nc6 25. Bd6 Ne7 $14) 25. cxb6 axb6 26. Qxb6
Nc4 27. Qb4 Rc6 (27... Qxd4 28. Rfd1 Qe4 29. a4 $16) 28. Rfd1 Rec8 29. Rb1 Qd7
30. h3 Nb6 31. Kh2 h5 32. Qb5 g5 33. h4 $18 {[%csl Gf6,Rg5,Rg8,Gh5]} Nd5 34.
hxg5 fxg5 35. Qb7 Qxb7 36. Rxb7 Rc2 37. Re1 h4 (37... Nf6 38. Rxe6) (37... Re8
38. Re5 $18) 38. Be5 Rxf2 39. Rg7+ Kf8 40. Rxg5 Rcc2 41. Re4 Rf5 42. Rg6 h3 43.
Kxh3 Rc3+ 44. g3 Ke7 45. Rh4 Rf7 46. Rhh6 Rc6 47. Rh8 Rc1 48. Rb8 Rh7+ 49. Kg4
1-0

[Event "ARG-ch Najdorf Memorial"]
[Site "Buenos Aires"]
[Date "1999.11.26"]
[Round "7"]
[White "Hoffman, Alejandro"]
[Black "Panno, Oscar"]
[Result "0-1"]
[WhiteElo "2524"]
[BlackElo "2454"]
[Annotator "Alterman,B"]
[PlyCount "62"]
[EventDate "1999.11.19"]
[EventType "tourn"]
[EventRounds "13"]
[EventCountry "ARG"]
[EventCategory "9"]
[SourceTitle "CBM 074"]
[Source "ChessBase"]
[SourceDate "2000.02.01"]
[SourceVersion "1"]
[SourceVersionDate "2000.02.01"]
[SourceQuality "1"]

1. d4 Nf6 2. c4 e6 3. Nf3 d5 4. Nc3 c5 5. cxd5 Nxd5 6. e3 Nc6 7. Bd3 cxd4 8.
exd4 Be7 9. O-O O-O 10. a3 Nf6 11. Re1 b6 12. Bg5 Bb7 13. Bb1 ({Main line is} 
13. Bc2 Rc8 14. Qd3 g6) 13... Re8 (13... Rc8 14. Qd3 g6 15. Ba2 Ng4 (15... Re8
16. Rad1 (16. h4 Na5 17. Ne5 Nd5 18. Bxe7 Qxe7 19. Bxd5 Bxd5 20. Nxd5 exd5 21.
h5 {1/2-1/2 Guido,F-Gheorghiu,F/Ticino ,EXT 1991 (21)}) 16... Nd5 17. h4 (17.
Bxd5 exd5 (17... Bxg5 18. Bxc6 Bxc6 19. d5 $5 exd5 20. Rxe8+ Bxe8 21. Nxg5 Qxg5
22. Qxd5 $11) 18. Bxe7 Rxe7 19. Rxe7 Nxe7 20. Re1 Nf5 $11) 17... Nxc3 18. bxc3
Na5 19. Bxe7 Qxe7 20. d5 Qxa3 21. dxe6 Qxa2 22. Ng5 Re7 (22... f6 $4 23. Qd7
$18 {1-0 Deze,A-Adamski,J/Zalaegerszeg 1977/Inf 24 (25)}) 23. exf7+ Rxf7 24.
Nxf7 Qxf7 $19) 16. Bf4 e5 $5 17. Bg3 (17. Nxe5 Ngxe5 18. Bxe5 Nxe5 19. Rxe5 Bf6
20. Ree1 Bxd4 21. Rad1 Bxc3 22. bxc3 Qg5 $15 {0-1 Neamtu,S-Kortchnoi,V/
Bucuresti 1966/Inf 01 (31)}) 17... exd4 18. Nd5 Bd6 19. b4 $5 $132 (19. Nxd4
Nxd4 20. Qxd4 Bxg3 21. fxg3 Bxd5 22. Bxd5 (22. Qxd5 Qxd5 23. Bxd5 Rc2 24. Re7
$132) 22... Nf6 23. Rad1 $11)) (13... g6 14. Ba2 (14. Bc2 $5) 14... Nd5 15.
Nxd5 (15. Bh6 Nxc3 16. bxc3 Re8 17. d5 exd5 18. Bxd5 {[%cal Gd5f7]} Na5 $8 19.
Qd4 $1 {[%csl Rg7]} Bf8 $8 20. Bxf8 Rxe1+ 21. Rxe1 Qxf8 22. Ne5 Bxd5 23. Nd7 $1
(23. Qxd5 Re8 $11) 23... Qg7 24. Qxd5 Rc8 25. Re3 h5 26. h3 $14) 15... Bxg5 16.
Nc3 (16. Nc7 $2 Qxc7 17. Nxg5 Qf4 18. Ne4 Rad8 $17 {0-1 Boschetti,C-Gheorghiu,
F/Ticino ,EXT 1991 (30)}) 16... Bf6 17. d5 exd5 18. Bxd5 Bxc3 19. bxc3 Qf6 $11)
14. Qd3 g6 15. Ba2 Nd5 16. Bh6 (16. Bxe7 Ncxe7 $11) 16... Nxc3 17. bxc3 Rc8 (
17... Bf8 18. Bxf8 Rxf8 19. Rad1 Qf6 20. c4 Rfd8 21. d5 exd5 22. cxd5 Ne7 23.
d6 (23. Qe4 Nf5 24. Nd4 Nxd4 25. Qxd4 Qxd4 26. Rxd4 Kf8 $11) 23... Bxf3 24.
Qxf3 Qxf3 25. gxf3 Nf5 26. d7 Kf8 27. Bd5 Rab8 28. Bc6 (28. Be4 Ne7 29. f4 b5
$11) 28... Ne7 29. Bb5 Rb7 $11 {1/2-1/2 Batakov,O-Kastarnov,S/cr URS-ch16 ,CCS
1984/[RR] (36)}) 18. Rad1 Bf6 (18... Bf8 $5 19. Bxf8 Rxf8 20. c4 Ne7 (20... Qf6
$2 21. d5 exd5 22. cxd5 Ne7 (22... Na5 23. Ne5 Rcd8 24. Ng4 (24. d6 $16) 24...
Qg7 25. d6 $16 {1-0 Suba,M-Velikov,P/Luzern (ol) 1982/Inf 35 (31)}) 23. d6 Nf5
24. d7 Rcd8 25. Ne5 $16) 21. d5 exd5 22. cxd5 Rc5 23. Qd2 (23. d6 Nd5 $1 $15)
23... Nf5 24. h3 Nd6 $11) 19. h4 $2 $17 {Too riskyly} (19. c4 Ne7 20. Ne5 Nf5
21. Bf4 $132) 19... Ne7 $1 (19... Bxh4 20. d5 $1 $16) 20. g4 (20. Bg5 Bxg5 21.
Nxg5 (21. hxg5 Nf5 $17 {[%csl Rg5][%cal Gb7f3]}) 21... Nf5 22. g3 {[%cal Gb7h1]
} Qc7 23. c4 Ba6 24. d5 exd5 25. Rxe8+ Rxe8 26. Qxd5 Bb7 $17 {[%csl Ra2,Rc4]
[%cal Gb7h1]}) 20... Bd5 $6 {It was not necessary to instigate promoting c3-c4}
(20... Bxf3 $1 21. Qxf3 Bxh4 22. Kg2 ({Not dangerously for black was} 22. Rxe6
fxe6 23. Bxe6+ Kh8 24. Qf7 (24. Bf4 Nc6 25. Bxc8 Qxc8 $19) 24... Rg8 25. Bf4
Nc6 $19) 22... Nd5 23. c4 Nc7 24. d5 exd5 25. Rxe8+ Nxe8 26. cxd5 Rc2 27. Rd2
Rxd2 28. Bxd2 $17) 21. c4 (21. Bxd5 exd5 (21... Nxd5 22. c4 Ne7 23. Bf4 $132)
22. Bg5 $15 {[%csl Rc3,Rg1]}) 21... Bxf3 22. Qxf3 Nc6 {[%csl Rd4]} (22... Bxd4
23. c5 $1 {[%cal Ga2f7]} (23. Bg5 Qd6 24. Bf6 Nc6 $15) 23... Nc6 $1 (23... bxc5
$2 24. Qxf7+ $3 Kxf7 (24... Kh8 25. Bg5 {[%cal Gd1d4]} Rf8 26. Qxe6 $18) 25.
Bxe6+ Kf6 26. g5#) 24. cxb6 axb6 (24... Qxh4 25. b7 Rb8 26. Bf4 Bxf2+ 27. Qxf2
Qxg4+ 28. Qg3 Qxg3+ 29. Bxg3 Rxb7 30. Bd5 $16) 25. Bg5 $44) 23. Qe4 $2 (23. d5
$1 Nd4 24. Qh3 (24. Qf4 e5 25. Qe4 Bxh4 $15) 24... exd5 25. g5 (25. Rxe8+ Qxe8
26. g5 (26. cxd5 Qe2 $19) 26... Bh8 27. cxd5 Rc3 $1 $19) 25... Bh8 26. cxd5
Rxe1+ (26... Ne2+ 27. Kf1 Rc3 28. Qg4 Rc2 29. Bc4 $18 {[%csl Re2]}) 27. Rxe1
Nf5 $15) 23... Bxd4 24. Bg5 Qd6 $17 25. Qf3 (25. Rd3 e5 $17) 25... Qc5 $1 {
[%csl Ra2,Rf2]} 26. Rxd4 $2 $19 (26. Re2 e5 $17) 26... Qxd4 (26... Nxd4 27. Qf6
Nc6 28. Re4 Qf8 $19) 27. Bf6 e5 28. Re4 Qa1+ 29. Kg2 Qxa2 30. h5 Qd2 31. g5 Qd7
0-1

[Event "Chigorin Memorial 07th"]
[Site "St Petersburg"]
[Date "1999.11.10"]
[Round "9"]
[White "Riazantsev, Alexander"]
[Black "Lugovoi, Aleksei"]
[Result "0-1"]
[WhiteElo "2417"]
[BlackElo "2509"]
[Annotator "Alterman,B"]
[PlyCount "60"]
[EventDate "1999.11.02"]
[EventType "swiss"]
[EventRounds "9"]
[EventCountry "RUS"]
[SourceTitle "CBM 074"]
[Source "ChessBase"]
[SourceDate "2000.02.01"]
[SourceVersion "1"]
[SourceVersionDate "2000.02.01"]
[SourceQuality "1"]

1. d4 Nf6 2. Nf3 e6 3. c4 d5 4. Nc3 c5 5. cxd5 Nxd5 6. e3 Nc6 7. Bd3 Be7 8. O-O
cxd4 9. exd4 O-O 10. Be3 $6 {After this move white can not struggle for
openning advantage.} (10. a3 $5 {-Theoretcal main line.}) 10... Nxe3 (10... b6
11. Qe2 (11. a3 Bb7 12. Rc1 Rc8 13. Qe2 Nxc3 14. Rxc3 Bf6 15. Rd1 Ne7 16. Bc4
Nd5 $15 {1/2-1/2 Raki Jyrki-Birjukov Sergei/Karhula 1994 (63)}) 11... Ncb4 12.
Bc4 Bb7 13. a3 (13. Nd1 Rc8 14. b3 Bf6 15. a3 Nc6 16. b4 Nde7 $17 (16... a5 17.
b5 Nce7 $15 {0-1 Patt Rubinstein-Luckis/Buenos Aires ch-ARG 1947 (63)})) 13...
Nxc3 14. bxc3 Nd5 15. Bd2 $132 {[%cal Gc4d3]}) (10... Ncb4 11. Be4 (11. Bb1 b6
12. a3 Nxc3 13. bxc3 Nd5 (13... Nc6 14. Be4 Bb7 15. c4 Rc8 16. Qc2 g6 17. Rfd1
f5 18. Bd3 Bf6 $132 {1-0 Iliushkin,E-Pavlov,A/Novgorod RUS 1999 (46)}) 14. Qd3
Nf6 15. Bg5 g6 16. Bh6 Re8 17. Ne5 Bb7 $132 {1/2-1/2 De Winter,I-Lim Kok Ann/
Lugano olm 1968 (20)}) (11. Bc4 b6 12. Qe2 Nxc3 13. bxc3 Nd5 14. Rac1 Bb7 15.
Rfd1 Rc8 16. Bd2 Ba3 17. Rc2 Bd6 18. Bd3 Nf4 $11 {1/2-1/2 Bromberger,S-Bayer,C/
Regensburg op 1996/EXT 96op2 (27)}) 11... Nf6 12. Bb1 b6 13. a3 Nbd5 14. Qd3
Nxc3 15. bxc3 Bb7 16. Ng5 g6 17. Bd2 $11 {0-1 Chukaev,E-Koblents,A/Tbilisi
1956 (54)}) (10... Nxc3 11. bxc3 b6 12. Qe2 Bb7 13. Rfd1 Rc8 14. Rac1 Bf6 15.
Nd2 Ne7 16. Qg4 (16. Ne4 Nd5 17. Nxf6+ Qxf6 18. Bd2 Nf4 $11) 16... Nd5 $11 {
0-1 Lewandowska,K-Klusek,D/POL teams Bydgoszcz ,EXT 1990 (32)}) 11. fxe3 b6 $11
(11... g6 12. Qe2 Bf6 13. a3 Bg7 14. Rad1 Bd7 15. Kh1 Rc8 16. Bb1 Qa5 17. Qf2
Ne7 18. e4 $11 {0-1 House Glenn-Adams,M/London Lloyds 1988 (37)}) 12. Be4 (12.
Rc1 Bb7 13. Qc2 g6 14. Qf2 Rc8 $11) 12... Bb7 13. Ne5 Qe8 (13... Nxe5 14. Bxb7
Rb8 15. Be4 Nd7 $11) 14. Qh5 $5 (14. Qf3 Nxe5 15. dxe5 Bxe4 16. Qxe4 (16. Nxe4
Qb5 17. Nf6+ Kh8 $17) 16... Rc8 $15) (14. Nxc6 Bxc6 15. Bxc6 Qxc6 16. Qf3 $11)
14... g6 15. Qf3 $6 $15 (15. Qh6 $1 {[%cal Gf1f3,Gf3h3] Only this move
justified all previous strategy of white.} f5 (15... Nxe5 16. Bxb7 Rb8 17. dxe5
Rxb7 18. Ne4 Kh8 19. Rf3 $18 {[%csl Rh7][%cal Ge4f6,Gf3h3]}) 16. Bxc6 Bxc6 17.
Nxc6 (17. Rac1 Bb7 $132) 17... Qxc6 18. Rac1 $11) 15... Rc8 $6 $132 (15... Nxe5
$1 16. dxe5 {[%csl Re5]} Bxe4 17. Qxe4 (17. Nxe4 Qb5 18. Nf6+ Bxf6 19. exf6
Qxb2 20. Qf4 (20. Rab1 Qxa2 21. Rb4 Qa5 22. Qh3 h5 $17) 20... Kh8 21. Qh6 (21.
Rad1 g5 22. Qg3 Qxa2 23. Rd7 Qc2 24. h4 a5 25. hxg5 a4 $17) 21... Rg8 22. Rad1
Qxa2 23. Rd4 g5 24. Rd7 Rg6 25. Qh3 Rf8 $17) 17... Rc8 18. Rad1 Rc5 {[%csl Re5]
[%cal Ge8b8]} 19. Qf4 (19. Rf3 Qb8 20. Rd7 Rxe5 $17) 19... Qc6 $1 (19... f6 20.
exf6 Bxf6 21. Ne4 Rf5 22. Nxf6+ R8xf6 23. Qd6 Rxf1+ 24. Rxf1 Rxf1+ 25. Kxf1 $11
) (19... Qb8 20. Rd7 Rc7 21. Rfd1 Rxd7 22. Rxd7 Bd8 23. Ne4 Qc8 24. Rxf7 $5 (
24. Nf6+ Bxf6 25. exf6 Qc1+ (25... Qxd7 26. Qh6 Qd1+ 27. Kf2 Qd2+ 28. Kg3 Qe1+
29. Kh3 $18) 26. Kf2 Qxb2+ 27. Kg3 h6 (27... a6 $2 28. Rd4 $1 Kh8 (28... Qb5
29. Qh6 Qe5+ 30. Rf4 Qxe3+ 31. Kh4 $18) 29. Qh6 Rg8 30. Qxh7+ Kxh7 31. Rh4#)
28. Rxa7 g5 29. Qd4 Qxd4 30. exd4 Kh7 31. Rb7 Kg6 32. Rxb6 Ra8 33. Rb2 Ra3+ 34.
Kf2 Kxf6 $17) (24. Rxa7 $1 Qc1+ 25. Kf2 Qxb2+ 26. Kg3 f6 27. exf6 Bxf6 28.
Nxf6+ Rxf6 29. Ra8+ Kg7 30. Ra7+ Kg8 31. Ra8+ $11) 24... Qc1+ (24... Rxf7 25.
Qxf7+ Kxf7 26. Nd6+ Ke7 27. Nxc8+ Kd7 28. Nxa7 $16) 25. Qf1 Qxe3+ 26. Qf2 Qc1+
27. Qf1 Qxf1+ 28. Rxf1 Rxf1+ 29. Kxf1 Bc7 30. Ng5 Bxe5 $17 {[%csl Rb2,Rh2]})
20. Ne4 Rc2 $15 {[%csl Re5,Rg2]}) 16. Nxc6 (16. Qg3 Bd6 (16... Nxe5 $2 17. Bxb7
Rb8 18. Ba6 Nd7 19. Nb5 Nf6 20. Rac1 {[%cal Gb5a7]} Nd5 $5 (20... Ne4 $6 21.
Qe5 $16) 21. a3 $1 (21. Nxa7 $6 Ra8 22. Bb5 Qb8 23. Qxb8 Rfxb8 24. Nc6 (24. e4
Rxa7 25. exd5 exd5 26. a4 $11) 24... Bg5 (24... Re8 25. Nxe7+ Rxe7 26. e4 Nc7
27. Bc4 $16) 25. e4 Be3+ 26. Kh1 Bxc1 27. Rxc1 (27. exd5 Bxb2 28. dxe6 (28.
Nxb8 Rxb8 29. dxe6 fxe6 30. Bc4 Bxd4 31. Bxe6+ $11) 28... Rb7 29. exf7+ Kf8 30.
Ne5 Rxa2 31. Nd7+ Rxd7 32. Bxd7 Bxd4 $11) 27... Nc7 28. Ne7+ (28. Nxb8 Nxb5 29.
Rc8+ Kg7 30. a3 Nxd4 31. Kg1 $132) 28... Kf8 29. Rxc7 Rxa2 30. h3 Rxb2 31. Nc6
Ra8 32. Bd3 Ra1+ 33. Kh2 Rc1 34. d5 Rd2 35. dxe6 fxe6 36. Bb5 Rc5 $11) 21...
Qd8 (21... f5 22. Nxa7 $16) 22. e4 Nf6 23. e5 Ne8 (23... Nd5 24. Nxa7 $18) 24.
Rc3 Qd7 25. Rfc1 Rd8 26. a4 Bb4 27. Rc4 $16) (16... f5 $1 17. Bxc6 Bxc6 18.
Rac1 Bb7 $132) 17. Rf6 {[%cal Ga1f1,Ge4g6]} Be7 18. Rf4 $14) 16... Bxc6 17.
Bxc6 Qxc6 18. e4 {White have not advantage and it was necessary to begin to
play on an equation.} (18. Rac1 $11) (18. Qxc6 Rxc6 $11) 18... b5 $1 19. d5 $2
$17 {Imaginary activity} (19. Rad1 b4 20. Ne2 f5 $11 (20... Qc2 $4 21. Rc1 Qxb2
22. Rxc8 Rxc8 23. Qxf7+ $18)) (19. a3 $5 $11) 19... Qb6+ 20. Kh1 b4 21. Nd1 {
[%csl Rd1]} (21. Na4 Qb5 22. Qb3 Qc4 (22... exd5 23. Nc3 Qc4 24. Nxd5 Bg5 25.
Qxb4 Qxb4 26. Nxb4 $44) 23. Qxc4 Rxc4 24. Rad1 (24. Rae1 exd5 (24... Rd8 $17)
25. exd5 Bd6 26. Rf6 Rd8 $17) 24... Rxe4 25. d6 Bg5 26. d7 Rc4 $17) 21... Qd4
22. Qe2 (22. Ne3 Bg5 $17 (22... Qxb2 $17)) 22... exd5 23. exd5 Bd6 (23... Bc5
$17) 24. Qf3 (24. Nf2 Qxd5 25. Ng4 Qg5 26. Rae1 Kg7 $17) 24... f5 (24... Qe5
25. g3 f5 $17) 25. Rb1 $6 (25. Ne3 Qxb2 $19) (25. Nf2 Rfe8 $17) 25... Rfe8 $19
{[%csl Rd1]} 26. g3 Rc2 27. Nf2 Re3 28. Qd1 Rd2 29. Qa4 Rxf2 30. Rxf2 Qe4+ 0-1

[Event "BL2-Nord 9900"]
[Site "Germany"]
[Date "1999.11.07"]
[Round "2.1"]
[White "Joachim, Sven"]
[Black "Polak, Tomas"]
[Result "1-0"]
[WhiteElo "2445"]
[BlackElo "2485"]
[Annotator "Bangiev,A"]
[PlyCount "67"]
[EventDate "1999.10.10"]
[EventType "team-tourn"]
[EventRounds "9"]
[EventCountry "GER"]
[SourceTitle "CBM 074 Extra"]
[Source "ChessBase"]
[SourceDate "2000.03.10"]
[SourceVersion "2"]
[SourceVersionDate "2000.03.10"]
[SourceQuality "1"]
[WhiteTeam "Isernhagen"]
[BlackTeam "Werder Bremen II"]
[WhiteTeamCountry "GER"]
[BlackTeamCountry "GER"]

1. e4 c6 2. d4 d5 3. exd5 cxd5 4. c4 e6 5. Nc3 Nf6 6. Nf3 Be7 7. cxd5 Nxd5 8.
Bd3 Nc6 9. O-O O-O 10. Re1 Bf6 11. a3 Nxc3 (11... Nxd4 12. Nxd4 Bxd4 13. Bxh7+
Kxh7 14. Qxd4 Nxc3 (14... Qf6 15. Re5 $16) 15. Qxc3 b6 16. Bf4 Bb7 17. Rad1 $16
) (11... g6) 12. bxc3 b6 13. Qc2 g6 (13... h6) 14. Bh6 Re8 15. Qd2 Qc7 (15...
Bb7 16. Qf4) 16. Ng5 Bb7 17. Ne4 Bg7 18. Bg5 (18. Bf4 e5 $15) 18... Ne7 19. Bf4
Qc6 20. Bf1 Rad8 21. Qb2 $1 {[%mdl 32]} Qd5 (21... a6 22. Be5 (22. Rab1 Nd5)
22... Nf5 23. Rab1 b5 24. a4 $16) 22. Bc7 $1 Rd7 23. Be5 $1 {[%mdl 64]} Qa5 (
23... Bxe5 24. dxe5 Qxe5 25. Qb5 Qxb5 26. Nf6+ Kf8 27. Bxb5 $18) 24. Bb5 Bc6
25. Bxg7 Kxg7 26. c4 $1 $18 Bxb5 27. d5+ e5 28. Qxe5+ Kf8 29. Nf6 Rdd8 30.
Nxh7+ Kg8 31. Nf6+ Kf8 32. Nxe8 (32. cxb5 Nc6 $5 33. Nd7+ Kg8 34. Qxe8+ Rxe8
35. Rxe8+ Kg7 36. dxc6 $18) 32... Rxe8 33. cxb5 Qxb5 34. Rac1 {time} 1-0

[Event "Moscow2"]
[Site "Moscow"]
[Date "1995.??.??"]
[Round "?"]
[White "Sveshnikov, Evgeny"]
[Black "Anastasian, Ashot"]
[Result "1/2-1/2"]
[WhiteElo "2560"]
[BlackElo "2530"]
[Annotator "Belov,I"]
[PlyCount "83"]
[EventDate "1995.04.??"]
[EventType "tourn"]
[EventRounds "9"]
[EventCountry "RUS"]
[EventCategory "11"]
[SourceTitle "CBM 047"]
[Source "ChessBase"]
[SourceDate "1995.08.01"]
[SourceVersion "1"]
[SourceVersionDate "1995.08.01"]
[SourceQuality "1"]

1. e4 {Baburin} c6 2. d4 d5 3. exd5 cxd5 4. c4 Nf6 5. Nc3 e6 6. Nf3 Be7 7. cxd5
Nxd5 8. Bd3 O-O 9. O-O Nc6 10. Re1 Nxc3 {Baburin: Black decides to play
against the pawn pair c3-d4 rather than against the isolated pawn. White will
try to attack on the K-side, while Black will try to put pressure on the
c3-pawn and control the c4-square.} 11. bxc3 b6 12. Qc2 (12. h4 Bb7 (12... Bxh4
$5 13. Nxh4 Qxh4 14. Re3 f5 $13) 13. Ng5 Bxg5 (13... g6 14. Nxh7 Kxh7 15. Qh5+
Kg8 16. Bxg6 fxg6 17. Qxg6+ Kh8 18. Re4 $40) 14. Bxg5 Qd5 15. Qg4 f5 16. Qg3
Na5 {Baburin-Fokin, Gorky, 1989.} 17. Re5 $16 {Baburin,A-Fokin,S/RUS-ch/1989/1:
0/36/}) (12. Qe2 Bb7 13. Qe4 g6 14. Bh6 Re8 15. Qg4 Bf6 $14 (15... Rc8 $2 16.
Rxe6 $1 {Moiseev,O-Lipnitsky,I/URS-ch20/1952/1:0/30/})) 12... g6 13. Qd2 (13.
Be4 Bb7 14. Qd2 Bf6 15. Qh6 Bg7 16. Qh3 $14 {Marjanovic,S-Ciric,D/Vrnjacka
Banja/1976/}) (13. Bh6 $5 {Baburin} Re8 14. h4) 13... Re8 $1 14. h4 (14. Qh6
Bf8) (14. Be4 Bb7 15. Qh6 Bf8 16. Qh3 $14) 14... Bb7 15. h5 Qd5 16. hxg6 hxg6
17. Be4 (17. Qh6 Bf8 18. Qh4 Bg7 19. Be4 Qh5 (19... Qa5 20. Bd2 $140 Rac8 21.
Ng5) 20. Qxh5 gxh5 21. Bf4 Na5 22. Bxb7 Nxb7 23. c4 $14) 17... Qh5 18. Ne5 {
Baburin:White wins an exchange, but Black obtains some compensation due to the
unsafe position of the white King.} (18. Qf4 $5) 18... Nxe5 $6 (18... Na5 19.
Qf4 Rf8 20. Nd7 Rfd8 21. Nf6+ Bxf6 22. Qxf6 $14) 19. Bxb7 Ng4 (19... Rab8 20.
Rxe5 $18) 20. Bxa8 $6 (20. Qf4 $5 Bh4 (20... Rab8 21. Bf3 f5 22. Bxg4 fxg4 23.
Rxe6 $18) 21. Re2 (21. g3 Bg5 22. Qf3 Rab8 23. Ba6 $14) 21... Bg5 22. Qg3 $16)
20... Qh2+ 21. Kf1 Rxa8 22. Qf4 Qh1+ 23. Ke2 Qh5 (23... Qxg2 24. Qf3 (24. Bd2
Nf6 25. Rg1 Qc6 $17) 24... Qxf3+ 25. Kxf3 Nf6 $44) 24. Qe4 (24. f3 Qb5+ 25. Kd2
Nf6 $44) (24. Qf3 $5) 24... Rc8 (24... Nf6+ 25. Qf3 Qb5+ 26. Qd3 $16) 25. f3
Nf6 26. Qe5 (26. Qd3 Qh2 $132 27. Kf2 Qh4+ 28. Kf1 Qh1+ 29. Kf2 Qh4+ 30. Ke2
Qh2 $10) 26... Rxc3 27. Bd2 Ra3 $44 28. Rec1 $6 (28. Qb8+ Kg7 29. Rh1 Qb5+ 30.
Kf2 Qe8 31. Qe5 $14) 28... Qxe5+ 29. dxe5 Nd5 $15 30. Rc8+ Kg7 31. Re8 Bc5 32.
Rh1 $5 f6 (32... Rxa2 33. Reh8 (33. Rhh8 f6 34. Rhg8+ Kf7) 33... g5 34. g4 Be3
35. R1h7+ Kg6 36. Rh6+ $10) 33. Reh8 fxe5 (33... g5 34. exf6+ Kxf6 35. R8h6+
Ke5 36. R1h5 $132) 34. Bg5 Nf4+ (34... Rxa2+ $5 35. Kd3 $8 (35. Bd2 Nf4+ 36.
Kd1 Ra1+ 37. Bc1 Be3 38. R1h7+ Kf6 39. Rf8+ Kg5 $19) 35... Nf4+ 36. Kc4 Nh5 37.
Ra8 Rxg2 (37... a5 38. g4) 38. Rxa7+ Kg8 (38... Kf8 39. Rd1) 39. Ra8+ Kg7 40.
Ra7+ $10) 35. Kd1 Nh5 36. Rc8 Rxa2 37. Rc7+ Kg8 38. Rc8+ Kf7 39. Rc7+ Kg8 40.
Rc8+ Kf7 41. Rc7+ Kg8 (41... Ke8 42. g4 Ra1+ 43. Bc1 $16) 42. Rc8+ 1/2-1/2